000
00305nam a22001217a 4500
008
170601b xxu||||| |||| 00| 0 eng d
041
_a
eng
080
_a
94(7/8)
100
_a
17
101
_a
shh
245
_a
A GUIDE TO AMERICA'S GREATEST HISTORIC PLACES
_c
AMERICAN HERITAGE MAGAZINE
942
_2
udc
_c
BK
999
_c
15182
_d
15182